000 00536nam a22001817a 4500
003 0
005 20260113113621.0
008 260113b xxu||||| |||| 00| 0 eng d
020 _a978-90-79761-00-5
082 _aREF 513
_bM35 2009
240 _a1,000,000... and more
245 _aOne million... and more
260 _aAntwerp, Belgium :
_bTectum Publishers,
_c2009.
300 _a224 pages :
_bcolored illustrations ;
_c24 cm.
650 _aMillion (The number) Miscellanea.
650 _aTrivia and miscellanea.
942 _2ddc
_cBK
999 _c368691
_d368691